General Knowledge Pictures - Beginning 'N' - Statistics

General Stats
  • This quiz has been taken 133 times
  • The average score is 21 of 28
Answer Stats
Picture Answer % Correct
Neck
97%
Nail
94%
Niagara Falls
94%
Newspaper
91%
New York
87%
Nectarine
86%
Net
86%
Nutcracker
85%
Neptune
83%
Newt
83%
Nurse
80%
Nile
77%
North Korea
77%
Nigeria
76%
Navel
75%
Isaac Newton
73%
North America
72%
Neon sign
71%
Nicaragua
70%
Notre Dame
69%
Nickel
64%
Norway
62%
New South Wales
61%
Horatio Nelson
58%
Newfoundland
58%
Nautilus
50%
Nib
48%
New Guinea
32%
No matching quizzes found
Score Distribution
Percent of People with Each Score
Percentile by Number Answered
Your Score History
You have not taken this quiz